Phát triển hạ tầng giao thông : Kinh nghiệm quốc tế và giải pháp cho Việt Nam
Trình bày một số vấn đề lý luận về hạ tầng giao thông; kinh nghiệm của quốc tế về phát triển hạ tầng giao thông; thực trạng và một số khuyến nghị phát triển hạ tầng giao thông Việt Nam
Salvato in:
| Autore principale: | |
|---|---|
| Natura: | Libro |
| Lingua: | Undetermined |
| Pubblicazione: |
Hà Nội
Khoa học xã hội
2015
|
| Soggetti: | |
| Tags: |
Aggiungi Tag
Nessun Tag, puoi essere il primo ad aggiungerne! !
|
| Thư viện lưu trữ: | Trung tâm Học liệu Trường Đại học Cần Thơ |
|---|
| LEADER | 01004nam a2200229Ia 4500 | ||
|---|---|---|---|
| 001 | CTU_202665 | ||
| 008 | 210402s9999 xx 000 0 und d | ||
| 020 | |c 117000 | ||
| 082 | |a 388.09597 | ||
| 082 | |b T561 | ||
| 100 | |a Phí, Vĩnh Tường | ||
| 245 | 0 | |a Phát triển hạ tầng giao thông : | |
| 245 | 0 | |b Kinh nghiệm quốc tế và giải pháp cho Việt Nam | |
| 245 | 0 | |c Phí Vĩnh Tường (chủ biên) | |
| 260 | |a Hà Nội | ||
| 260 | |b Khoa học xã hội | ||
| 260 | |c 2015 | ||
| 520 | |a Trình bày một số vấn đề lý luận về hạ tầng giao thông; kinh nghiệm của quốc tế về phát triển hạ tầng giao thông; thực trạng và một số khuyến nghị phát triển hạ tầng giao thông Việt Nam | ||
| 650 | |a Infrastructure,Cơ sở hạ tầng | ||
| 904 | |i Nguyên | ||
| 910 | |a Khoa | ||
| 980 | |a Trung tâm Học liệu Trường Đại học Cần Thơ | ||